000 01581nam0a2200349 4500
001 RU\NLR\BIBL_A\010508659
005 20220815115831.0
010 _a978-5-9947-0387-8
021 _aRU
_b2014-60208
_93650
035 _a(NLR Aleph) 010508659
035 _a(NILC)RuMoRGB-007535191
090 _a10168119
_c10168119
100 _a20141023d2013 km y0rusy50 ca
101 0 _arus
102 _aRU
105 _aa|||z|||000yy
200 1 _aАнализ и синтез вентильно-индукторного двигателя для глубоководных подводных аппаратов
_fТемирев А.П., Шкурин А.С., Темирев А.А. [и др.]
_gЮж.-Рос. гос. техн. ун-т (Новочеркас. политехн. ин-т) ЮРГТУ (НПИ)
210 _aНовочеркасск
_cЛик
_d2013
215 _a132 с.
_cил., цв. ил., табл.
_d27
320 _aБиблиогр.: с. 128-129 (16 назв.)
606 1 _aСудовые вентильные индукторные двигатели
_2nlr_sh2
_3RU\NLR\AUTH\661559955
610 0 _aвентильно-индукторный двигатель
686 1 _aО455.22
701 1 _aТемирев
_bА. П.
_gАлексей Петрович
_4070
701 1 _aШкурин
_bА. С.
_4070
701 1 _aТемирев
_bА. А.
_gАлексей Алексеевич
801 0 _aRU
_bРГБ
_c20140814
_gRCR
942 _cBOOK
980 _aNBR
980 _aNB